000 00316nam a22001457a 4500
003 SGT
020 _a9788179919767
082 _a954.03
_bV50K
100 _aKEER, DHANANJAY
245 _aVEER SAVARKAR
260 _aINDIA
_bPOPULAR PRAKASHAN
_c1950
300 _a601
650 _aMAHATMA GANDHI
942 _2ddc
_cBK
999 _c26122
_d26122